Executive intelligence : what all great leaders have

Bibliographic Details
Main Author: Menkes, Justin
Format: Book
Published: New York : HarperCollins Publishers , 2005
Subjects:

MARC

LEADER 00000cam a2200000 7i4500
001 0000019763
005 20070713.0
020 |a 9780060781873 
040 |a INS 
090 0 0 |a HD38.2   |b M46 2005 
100 1 |a Menkes, Justin 
245 1 0 |a Executive intelligence :   |b what all great leaders have   |c Justin Menkes 
260 |a New York :   |b HarperCollins Publishers ,   |c 2005 
300 |a xxiv, 306 p. ;   |c 24 cm. 
500 |a Includes index 
650 0 0 |a Executives   |x Psychology 
650 0 0 |a Executive   |x Ability 
650 0 0 |a Leadership 
999 |a 0000018914   |b BOOK   |c Open Shelf   |e Default branch